000
00321nam a2200133Ia 4500
008
240624s9999 xx 000 0 und d
041
_a
eng
082
_a
650.1 SNE
100
_a
SNEAD G LYNNE
245
_a
TO DO DOING DONE
260
_c
1997
_a
New York
_b
Simon & Schuster
300
_a
255 : p. : cm. ; 21
365
_c
_b
20
999
_c
8116
_d
8116